Govt. of
Madhya Pradesh

मध्‍य प्रदेश जेल पहरी वनरक्षक क्षेत्ररक्षक संयुक्‍त भर्ती परीक्षा 24 सॉल्‍वड पेपर्स (Record no. 58434)

MARC details
000 -LEADER
fixed length control field 00592nam a22001577a 4500
003 - CONTROL NUMBER IDENTIFIER
control field macl
005 - DATE AND TIME OF LATEST TRANSACTION
control field 20181103165232.0
008 - FIXED-LENGTH DATA ELEMENTS--GENERAL INFORMATION
fixed length control field 181017b xxu||||| |||| 00| 0 eng d
040 ## - CATALOGING SOURCE
Transcribing agency macl
082 ## - DEWEY DECIMAL CLASSIFICATION NUMBER
Classification number 001
100 ## - MAIN ENTRY--PERSONAL NAME
Personal name उपकार
9 (RLIN) 73042
245 ## - TITLE STATEMENT
Title मध्‍य प्रदेश जेल पहरी वनरक्षक क्षेत्ररक्षक संयुक्‍त भर्ती परीक्षा 24 सॉल्‍वड पेपर्स
260 ## - PUBLICATION, DISTRIBUTION, ETC. (IMPRINT)
Place of publication, distribution, etc. दिल्‍ली
Name of publisher, distributor, etc. उपकार
Date of publication, distribution, etc. 2018
650 ## - SUBJECT ADDED ENTRY--TOPICAL TERM
Topical term or geographic name as entry element gk
9 (RLIN) 73154
942 ## - ADDED ENTRY ELEMENTS (KOHA)
Source of classification or shelving scheme
Koha item type Hindi Books
Holdings
Withdrawn status Lost status Source of classification or shelving scheme Damaged status Not for loan Home library Current library Date acquired Cost, normal purchase price Full call number Barcode Date last seen Price effective from Koha item type
          MACL MACL 17/10/2018 150.00 001 GCLC00157 17/10/2018 17/10/2018 Hindi Books
          MACL MACL 17/10/2018 150.00 001 GCLC00158 17/10/2018 17/10/2018 Hindi Books